Justice and gender : (Record no. 1039)
[ view plain ]
| 000 -LEADER | |
|---|---|
| fixed length control field | 00633pam a2200181 a 4500 |
| 001 - CONTROL NUMBER | |
| control field | 1509435 |
| 005 - DATE AND TIME OF LATEST TRANSACTION | |
| control field | 20241111202530.0 |
| 008 - FIXED-LENGTH DATA ELEMENTS--GENERAL INFORMATION | |
| fixed length control field | 890203s1989 mau b 001 0 eng |
| 020 ## - INTERNATIONAL STANDARD BOOK NUMBER | |
| International Standard Book Number | 0674491009 (alk. paper) |
| 050 00 - LIBRARY OF CONGRESS CALL NUMBER | |
| Classification number | KF4758 |
| Item number | .R48 1989 |
| 082 00 - DEWEY DECIMAL CLASSIFICATION NUMBER | |
| Classification number | 342.73/0878 |
| -- | 347.302878 |
| Edition information | 19 |
| 100 1# - MAIN ENTRY--PERSONAL NAME | |
| Personal name | Rhode, Deborah L. |
| 245 10 - TITLE STATEMENT | |
| Title | Justice and gender : |
| Remainder of title | sex discrimination and the law / |
| Statement of responsibility, etc. | Deborah L. Rhode. |
| 260 ## - PUBLICATION, DISTRIBUTION, ETC. | |
| Place of publication, distribution, etc. | Cambridge, Mass. : |
| Name of publisher, distributor, etc. | Harvard University Press, |
| Date of publication, distribution, etc. | 1989. |
| 300 ## - PHYSICAL DESCRIPTION | |
| Extent | vii, 428 p. ; |
| Dimensions | 25 cm. |
| Other physical details | Index |
| 650 #0 - SUBJECT ADDED ENTRY--TOPICAL TERM | |
| Topical term or geographic name entry element | Sex discrimination against women |
| General subdivision | Law and legislation |
| Geographic subdivision | United States |
| General subdivision | History. |
| 942 ## - ADDED ENTRY ELEMENTS (KOHA) | |
| Source of classification or shelving scheme | Library of Congress Classification |
| Koha item type | Books |
| Suppress in OPAC | No |
| 999 ## - | |
| -- | 1039 |
| -- | 1039 |
| Withdrawn status | Lost status | Source of classification or shelving scheme | Damaged status | Not for loan | Collection | Home library | Current library | Shelving location | Date acquired | Total checkouts | Full call number | Barcode | Date last seen | Copy number | Price effective from | Koha item type |
|---|---|---|---|---|---|---|---|---|---|---|---|---|---|---|---|---|
| Library of Congress Classification | Non-fiction | Law Library (Christ Temple) | Law Library (Christ Temple) | General stacks | 01/22/2025 | KF4758.R48 RHO | LLCT00000267 | 01/22/2025 | 2 | 01/22/2025 | Books | |||||
| Library of Congress Classification | Non-fiction | Law Library (Miotso) | Law Library (Miotso) | General stacks | 11/11/2024 | KF4758.R48 RHO | llm00000844 | 11/11/2024 | 1 | 11/11/2024 | Books |